Programa de Jornada Escolar Extendida. La apuesta educativa de la República Dominicana para avanzar con equidad y calidad. Gestión Educativa 2012-2016 (Record no. 8908)

MARC details
000 -LEADER
campo de control de longitud fija 00520nam a2200145Ia 4500
001 - NÚMERO DE CONTROL
campo de control 4456
008 - DATOS DE LONGITUD FIJA--INFORMACIÓN GENERAL
campo de control de longitud fija 241024s9999 xx 000 0 und d
082 ## - NÚMERO DE LA CLASIFICACIÓN DECIMAL DEWEY
Número de clasificación RD/371.07/R426p/2012-2016/1/2013
100 ## - ENTRADA PRINCIPAL--NOMBRE DE PERSONA
Nombre de persona República Dominicana. Ministerio de Educación
245 #0 - MENCIÓN DEL TÍTULO
Título Programa de Jornada Escolar Extendida. La apuesta educativa de la República Dominicana para avanzar con equidad y calidad. Gestión Educativa 2012-2016
260 ## - PUBLICACIÓN, DISTRIBUCIÓN, ETC.
Nombre del editor, distribuidor, etc. Santo Domingo
Fecha de publicación, distribución, etc. 2013
590 ## - NOTA LOCAL (RLIN)
Nota local si
901 ## - ELEMENTOS DE DATOS A LOCAL LDA (RLIN)
a 3/10/2016 4:23:29 p.m.

No items available.

© 2024. Todos los Derechos Reservados. Desarrollado por IDEICE